[Event "Pinneberg op Seniors 16th"]
[Site "Pinneberg"]
[Date "2015.07.16"]
[Round "3"]
[White "Schleu, Guenther"]
[Black "Manowski, Werner"]
[Result "0-1"]
[WhiteElo "1071"]
[BlackElo "1220"]
[PlyCount "76"]
[EventDate "2015.07.02"]
[EventType "swiss"]
[EventRounds "7"]
[EventCountry "GER"]
[SourceTitle "EXT 2017"]
[Source "ChessBase"]
[SourceDate "2016.10.25"]
[SourceVersion "1"]
[SourceVersionDate "2016.10.25"]
[SourceQuality "1"]

1. d4 d5 2. Nf3 Nf6 3. Bf4 e6 4. e3 c6 5. h3 Bd6 6. Ne5 h6 7. Nd2 b5 8. Be2 Ba6 9. 0-0 Nfd7 10. Ndf3 Bxe5 11. dxe5 Nf8 12. Qd2 Nbd7 13. Rfc1 Ng6 14. Bg3 Qc7 15. b3 Ngxe5 16. a4 Nxf3+ 17. Bxf3 Qb7 18. Qd4 Nf6 19. Be5 Qe7 20. axb5 Bxb5 21. c4 c5 22. Qb2 Bc6 23. Ra3 0-0 24. Rca1 Rfd8 25. Ra5 Ne8 26. Qa3 f6 27. Bg3 Nd6 28. Qxc5 Bb7 29. Rxa7 Nc8 30. Qa5 Rxa7 31. Qc3 Rxa1+ 32. Qxa1 dxc4 33. Bxb7 Qxb7 34. bxc4 Qc6 35. Qc1 Nd6 36. c5 Ne4 37. Kh2 Nxg3 38. Kxg3 Qc7+ 0-1

[Event "Pinneberg op Seniors 15th"]
[Site "Pinneberg"]
[Date "2014.??.??"]
[Round "6"]
[White "Dunst, Martin"]
[Black "Manowski, Werner"]
[Result "1-0"]
[WhiteElo "1363"]
[BlackElo "1244"]
[PlyCount "67"]
[EventDate "2014.07.03"]
[EventType "swiss"]
[EventRounds "7"]
[EventCountry "GER"]
[SourceTitle "EXT 2017"]
[Source "ChessBase"]
[SourceDate "2016.10.25"]
[SourceVersion "1"]
[SourceVersionDate "2016.10.25"]
[SourceQuality "1"]

1. e4 e6 2. Nc3 d5 3. exd5 Bb4 4. Nf3 Bxc3 5. bxc3 Qxd5 6. d4 Nc6 7. Bd3 Nf6 8. 0-0 0-0 9. c4 Qd7 10. c3 h6 11. Re1 b6 12. Bf4 Qd8 13. Qd2 Nh5 14. Bxh6 gxh6 15. Qxh6 Nf6 16. Re3 Re8 17. Ne5 Nxe5 18. Rxe5 Ne4 19. Bxe4 f5 20. Bxa8 Re7 21. Re3 Rg7 22. Rg3 Rxg3 23. hxg3 Qe7 24. Qg6+ Qg7 25. Qxg7+ Kxg7 26. Re1 Kf6 27. f4 Ba6 28. c5 bxc5 29. dxc5 Bc4 30. a3 Bb5 31. Bf3 a5 32. c6 Bc4 33. Re5 Kg6 34. Rxa5 1-0

[Event "Pinneberg op Seniors 15th"]
[Site "Pinneberg"]
[Date "2014.??.??"]
[Round "7"]
[White "Manowski, Werner"]
[Black "Sachse, Theo"]
[Result "0-1"]
[WhiteElo "1244"]
[BlackElo "1228"]
[PlyCount "94"]
[EventDate "2014.07.03"]
[EventType "swiss"]
[EventRounds "7"]
[EventCountry "GER"]
[SourceTitle "EXT 2017"]
[Source "ChessBase"]
[SourceDate "2016.10.25"]
[SourceVersion "1"]
[SourceVersionDate "2016.10.25"]
[SourceQuality "1"]

1. d4 d5 2. Bf4 g6 3. e3 Nf6 4. Bd3 Bg7 5. Nf3 Nc6 6. c3 Nh5 7. 0-0 Nxf4 8. exf4 Bh6 9. g3 Bg4 10. Kg2 Qd7 11. Kh1 a6 12. Be2 Bh3 13. Re1 Bf5 14. Nbd2 b5 15. Ne5 Nxe5 16. fxe5 Bg7 17. g4 Be6 18. h3 c5 19. Rc1 cxd4 20. cxd4 Rc8 21. Nb3 Rxc1 22. Qxc1 0-0 23. Nc5 Qa7 24. b4 Rc8 25. f4 Bd7 26. Bf3 e6 27. Qd2 Bf8 28. a3 a5 29. Rc1 axb4 30. axb4 Bxc5 31. dxc5 Qa3 32. Qc3 Qa2 33. Rc2 Qb1+ 34. Rc1 Qa2 35. Rc2 Qa4 36. Bd1 Bc6 37. Rd2 Qxd1+ 38. Rxd1 d4+ 39. Kh2 dxc3 40. Rc1 Rd8 41. Rxc3 Rd4 42. Kg3 Rxb4 43. Kh4 Rxf4 44. Kg5 Rc4 45. Rd3 Bd5 46. Ra3 Kg7 47. h4 h6# 0-1

[Event "Pinneberg op Seniors 14th"]
[Site "Pinneberg"]
[Date "2013.08.01"]
[Round "7"]
[White "Manowski, Werner"]
[Black "Stoffregen, Heinrich"]
[Result "0-1"]
[WhiteElo "1399"]
[BlackElo "1179"]
[PlyCount "72"]
[EventDate "2013.06.20"]
[EventType "swiss"]
[EventRounds "7"]
[EventCountry "GER"]
[SourceTitle "EXT 2017"]
[Source "ChessBase"]
[SourceDate "2016.10.25"]
[SourceVersion "1"]
[SourceVersionDate "2016.10.25"]
[SourceQuality "1"]

1. e4 e5 2. f4 Nc6 3. Nf3 d6 4. fxe5 dxe5 5. Bc4 Nh6 6. 0-0 Bc5+ 7. Kh1 0-0 8. c3 a6 9. b4 Ba7 10. a4 a5 11. b5 Ne7 12. Nxe5 Qd6 13. d4 Kh8 14. Bxh6 f6 15. Bc1 Be6 16. Nf3 Bxc4 17. Ba3 Qd7 18. Re1 Rad8 19. Nbd2 Bf7 20. Rf1 Rfe8 21. Qc2 Ng6 22. g3 c6 23. c4 Be6 24. d5 cxd5 25. exd5 Bf5 26. Qc3 b6 27. Nd4 Bh3 28. Rfe1 Ne5 29. N2f3 Rc8 30. Nxe5 Rxe5 31. Rxe5 fxe5 32. Nf3 Qf5 33. Qe3 h6 34. Nd2 Qc2 35. Bc1 Rxc4 36. Nxc4 Qg2# 0-1

[Event "Pinneberg op Seniors 14th"]
[Site "Pinneberg"]
[Date "2013.06.28"]
[Round "2"]
[White "Warneke, Perygrin"]
[Black "Manowski, Werner"]
[Result "1-0"]
[WhiteElo "1304"]
[BlackElo "1399"]
[PlyCount "39"]
[EventDate "2013.06.20"]
[EventType "swiss"]
[EventRounds "7"]
[EventCountry "GER"]
[SourceTitle "EXT 2017"]
[Source "ChessBase"]
[SourceDate "2016.10.25"]
[SourceVersion "1"]
[SourceVersionDate "2016.10.25"]
[SourceQuality "1"]

1. d4 Nf6 2. Nf3 d6 3. g3 g6 4. Bg2 Bg7 5. 0-0 0-0 6. c4 c5 7. Nc3 Nbd7 8. b3 cxd4 9. Nxd4 e5 10. Ndb5 Ne8 11. Ne4 Ndf6 12. Nbxd6 Rb8 13. Ba3 Kh8 14. Nxc8 Qxc8 15. Bxf8 Bxf8 16. Qd3 Nxe4 17. Qxe4 f5 18. Qxe5+ Bg7 19. Qe7 Bxa1 20. Qf8# 1-0

[Event "Pinneberg op Seniors 13th"]
[Site "Pinneberg"]
[Date "2012.07.19"]
[Round "5"]
[White "Ziehm, Holger"]
[Black "Manowski, Werner"]
[Result "1/2-1/2"]
[WhiteElo "1514"]
[BlackElo "1351"]
[PlyCount "70"]
[EventDate "2012.06.21"]
[EventType "swiss"]
[EventRounds "7"]
[EventCountry "GER"]
[SourceTitle "EXT 2013"]
[Source "ChessBase"]
[SourceDate "2012.11.22"]
[SourceVersion "1"]
[SourceVersionDate "2012.11.22"]
[SourceQuality "1"]

1. e4 e6 2. d4 d5 3. Nc3 c5 4. Nf3 Nf6 5. e5 Nfd7 6. Bf4 Nc6 7. Bb5 Be7 8. 0-0 Qb6 9. Bxc6 bxc6 10. Na4 Qc7 11. c3 0-0 12. b3 Ba6 13. Re1 c4 14. b4 Qd8 15. Nb2 Re8 16. Qd2 f6 17. exf6 Bxf6 18. Re2 Nf8 19. Rae1 Bc8 20. Na4 a5 21. Nc5 Be7 22. Ne5 Qb6 23. a3 axb4 24. axb4 Bxc5 25. bxc5 Qb7 26. Qc2 Nd7 27. Ng4 Nf8 28. Rb1 Qf7 29. Bg3 Ba6 30. Ne5 Qf5 31. Qxf5 exf5 32. Reb2 Bb5 33. f4 Ra3 34. Rc1 Rea8 35. Be1 Ne6 1/2-1/2

[Event "Pinneberg op Seniors 13th"]
[Site "Pinneberg"]
[Date "2012.07.06"]
[Round "3"]
[White "Schleu, Guenther"]
[Black "Manowski, Werner"]
[Result "0-1"]
[WhiteElo "1228"]
[BlackElo "1351"]
[PlyCount "61"]
[EventDate "2012.06.21"]
[EventType "swiss"]
[EventRounds "7"]
[EventCountry "GER"]
[SourceTitle "EXT 2013"]
[Source "ChessBase"]
[SourceDate "2012.11.22"]
[SourceVersion "1"]
[SourceVersionDate "2012.11.22"]
[SourceQuality "1"]

1. d4 d6 2. Nf3 Nf6 3. Bf4 g6 4. Nbd2 Bg7 5. e3 a6 6. Be2 Nbd7 7. h3 b5 8. 0-0 0-0 9. c4 c6 10. Rc1 Bb7 11. b3 b4 12. Ng5 h6 13. Ngf3 c5 14. Qc2 Qe8 15. d5 Nh5 16. Bh2 f5 17. e4 f4 18. Ne1 Be5 19. Bxh5 gxh5 20. Nd3 Qg6 21. Nxe5 Nxe5 22. Rce1 f3 23. g3 Bc8 24. Re3 Bxh3 25. Rfe1 Bg2 26. Qd1 Qg4 27. Nxf3 Bxf3 28. Rxf3 Nxf3+ 29. Kg2 Nxe1+ 30. Qxe1 Qf3+ 31. Kg1 0-1

[Event "Pinneberg op Seniors 12th"]
[Site "Pinneberg"]
[Date "2011.07.21"]
[Round "6"]
[White "Lubisch, Gerwalt"]
[Black "Manowski, Werner"]
[Result "0-1"]
[WhiteElo "1372"]
[BlackElo "1439"]
[PlyCount "42"]
[EventDate "2011.06.16"]
[EventType "swiss"]
[EventRounds "7"]
[EventCountry "GER"]
[SourceTitle "EXT 2012"]
[Source "ChessBase"]
[SourceDate "2011.11.24"]
[SourceVersion "1"]
[SourceVersionDate "2011.11.24"]
[SourceQuality "1"]

1. e4 e5 2. f4 exf4 3. Nf3 Be7 4. h4 Nc6 5. d4 d5 6. Nc3 dxe4 7. Nxe4 Bg4 8. Nf2 Bxf3 9. Qxf3 Qxd4 10. Nd3 Nf6 11. Bxf4 Rc8 12. 0-0-0 0-0 13. Be3 Qd5 14. Qg3 Ne4 15. Qg4 f5 16. Qf3 Qxa2 17. c3 Qa1+ 18. Kc2 Qa4+ 19. Kb1 Rcd8 20. Bf4 Qb3 21. Bc1 Nxc3+ 0-1

[Event "Pinneberg op Seniors 12th"]
[Site "Pinneberg"]
[Date "2011.06.22"]
[Round "2"]
[White "Manowski, Werner"]
[Black "Laber, Witalij"]
[Result "1-0"]
[WhiteElo "1439"]
[BlackElo "1419"]
[PlyCount "91"]
[EventDate "2011.06.16"]
[EventType "swiss"]
[EventRounds "7"]
[EventCountry "GER"]
[SourceTitle "EXT 2012"]
[Source "ChessBase"]
[SourceDate "2011.11.24"]
[SourceVersion "1"]
[SourceVersionDate "2011.11.24"]
[SourceQuality "1"]

1. d4 b6 2. Nf3 Bb7 3. Bf4 e6 4. Nbd2 Nf6 5. e3 Be7 6. Bd3 d5 7. c3 a6 8. a4 c5 9. h3 c4 10. Bc2 Nc6 11. 0-0 h6 12. Ne5 Nxe5 13. Bxe5 Bd6 14. Nf3 0-0 15. Bxd6 Qxd6 16. Ne5 Ne4 17. Qg4 f5 18. Qe2 Qd8 19. Rad1 Qe8 20. Kh2 Kh7 21. g4 g5 22. f3 Nd6 23. f4 Kg7 24. gxf5 exf5 25. Rg1 Ne4 26. Bxe4 fxe4 27. fxg5 h5 28. Rgf1 Bc8 29. Rxf8 Qxf8 30. Rf1 Bf5 31. Nd7 Qd6+ 32. Ne5 Rf8 33. Qxh5 Kg8 34. Kg2 Qe6 35. Ng4 Bxg4 36. Rxf8+ Kxf8 37. Qxg4 Qc6 38. Qf5+ Kg8 39. g6 Qe8 40. Qf6 Qd7 41. Kg3 Qc7+ 42. Kg4 Qd7+ 43. Qf5 Qb7 44. Qf7+ Qxf7 45. gxf7+ Kg7 46. Kg5 1-0

[Event "Hamburg-ch Seniors op 16th"]
[Site "Hamburg"]
[Date "2009.11.04"]
[Round "5"]
[White "Manowski, Werner"]
[Black "Hermann, Armin"]
[Result "0-1"]
[WhiteElo "1476"]
[BlackElo "1556"]
[PlyCount "68"]
[EventDate "2009.10.31"]
[EventType "swiss"]
[EventRounds "9"]
[EventCountry "GER"]
[SourceTitle "EXT 2022"]
[Source "ChessBase"]
[SourceDate "2021.10.06"]
[SourceVersion "1"]
[SourceVersionDate "2021.10.06"]
[SourceQuality "1"]

1. d4 d5 2. Nf3 Nf6 3. Bf4 e6 4. e3 Bd6 5. Bg3 Nbd7 6. Ne5 0-0 7. Nd2 c5 8. c3 Qe7 9. Bd3 cxd4 10. exd4 Bxe5 11. dxe5 Nc5 12. exf6 Nxd3+ 13. Ke2 Qxf6 14. Kxd3 b6 15. Nf3 Ba6+ 16. Kc2 Qg6+ 17. Kc1 Rfd8 18. Ne5 Qf6 19. Qd4 Rac8 20. Qf4 Qe7 21. Qd4 f6 22. Re1 fxe5 23. Qxe5 d4 24. Qxe6+ Qxe6 25. Rxe6 dxc3 26. bxc3 Rxc3+ 27. Kb2 Rc5 28. Rc1 Rd2+ 29. Kb3 Rxc1 30. Re8+ Kf7 31. Re3 Rd3+ 32. Rxd3 Bxd3 33. Kb2 Rg1 34. Kc3 Bf5 0-1

[Event "Pinneberg op Seniors 10th"]
[Site "Pinneberg"]
[Date "2009.06.25"]
[Round "1"]
[White "Brueckner, Gerhard"]
[Black "Manowski, Werner"]
[Result "1/2-1/2"]
[WhiteElo "1807"]
[BlackElo "1423"]
[PlyCount "89"]
[EventDate "2009.06.25"]
[EventType "swiss"]
[EventRounds "4"]
[EventCountry "GER"]
[SourceTitle "EXT 2011"]
[Source "ChessBase"]
[SourceDate "2010.11.26"]
[SourceVersion "1"]
[SourceVersionDate "2010.11.26"]
[SourceQuality "1"]

1. e4 c5 2. b4 e6 3. Nf3 a6 4. Bb2 Nf6 5. d3 Nc6 6. a3 b5 7. Be2 Bb7 8. 0-0 cxb4 9. axb4 Bxb4 10. c3 Be7 11. Nbd2 d6 12. h3 h6 13. Nh2 Rc8 14. f4 0-0 15. Kh1 Qc7 16. Qe1 Nh7 17. Qg3 Qd8 18. Ndf3 Bf6 19. Ng4 Kh8 20. Rab1 Rg8 21. d4 Nxd4 22. cxd4 Bxe4 23. Rbc1 Rxc1 24. Rxc1 Bxf3 25. Bxf3 Bh4 26. Qh2 Nf6 27. g3 Nxg4 28. hxg4 Bf6 29. g5 Bxg5 30. fxg5 Qxg5 31. Re1 d5 32. Bc1 Qf6 33. Bf4 Rc8 34. Re5 Kg8 35. Bd1 Qg6 36. Re3 Rc6 37. Qe2 f5 38. Bb3 Qf7 39. Be5 g5 40. Qd1 g4 41. Re2 h5 42. Qd2 Qg6 43. Qa5 Qe8 44. Bf4 Qc8 45. Qa3 1/2-1/2

[Event "Hamburg-ch Seniors op 15th"]
[Site "Hamburg"]
[Date "2008.11.01"]
[Round "6"]
[White "Manowski, Werner"]
[Black "Falk, Rolf"]
[Result "1-0"]
[WhiteElo "1378"]
[BlackElo "1090"]
[PlyCount "81"]
[EventDate "2008.10.27"]
[EventType "swiss"]
[EventRounds "9"]
[EventCountry "GER"]
[SourceTitle "EXT 2022"]
[Source "ChessBase"]
[SourceDate "2021.10.06"]
[SourceVersion "1"]
[SourceVersionDate "2021.10.06"]
[SourceQuality "1"]

1. d4 d5 2. Nf3 Nc6 3. Bf4 Bg4 4. Nbd2 e6 5. e3 a6 6. c3 Be7 7. a4 Nf6 8. h3 Bf5 9. b4 Ne4 10. Nxe4 dxe4 11. Nd2 0-0 12. Nb3 Bg5 13. Bg3 Bf6 14. Qc2 Qe7 15. Be2 Rfd8 16. Nc5 Ra7 17. 0-0 e5 18. Nxe4 exd4 19. Nxf6+ Qxf6 20. e4 Bg6 21. Bxc7 Rd7 22. Bb6 Ra8 23. Rad1 Re8 24. f3 Qf4 25. Qd2 Qe5 26. b5 Nb8 27. Bxd4 Qc7 28. Qb2 f6 29. b6 Qc6 30. a5 Bf7 31. Rd2 Qe6 32. c4 Nc6 33. Bc3 Rxd2 34. Bxd2 Rd8 35. Bc3 Rd6 36. c5 Rd7 37. Rd1 Rxd1+ 38. Bxd1 Ne5 39. Qd2 h6 40. Qd6 Qd7 41. Bxe5 1-0

[Event "Pinneberg op Seniors 09th"]
[Site "Pinneberg"]
[Date "2008.07.17"]
[Round "5"]
[White "Schaefer, Hans"]
[Black "Manowski, Werner"]
[Result "1/2-1/2"]
[WhiteElo "1136"]
[BlackElo "1399"]
[PlyCount "78"]
[EventDate "2008.06.19"]
[EventType "swiss"]
[EventRounds "5"]
[EventCountry "GER"]
[SourceTitle "EXT 2011"]
[Source "ChessBase"]
[SourceDate "2010.11.26"]
[SourceVersion "1"]
[SourceVersionDate "2010.11.26"]
[SourceQuality "1"]

1. e3 c5 2. d4 cxd4 3. Qxd4 Nc6 4. Qd1 Nf6 5. c4 e6 6. b3 Bb4+ 7. Bd2 Qa5 8. a3 Ne4 9. Bxb4 Nxb4 10. Nd2 Nxd2 11. Kxd2 Nc6+ 12. b4 Qc7 13. Nf3 0-0 14. Bd3 Ne5 15. Nxe5 Qxe5 16. f4 Qxa1 17. Qxa1 f5 18. h4 h5 19. c5 b6 20. Rg1 bxc5 21. bxc5 Bb7 22. g3 Rac8 23. Qe5 Rc6 24. a4 Rfc8 25. Rc1 Kf7 26. Bb5 d6 27. Qd4 Rxc5 28. Rxc5 Rxc5 29. Qxd6 Rd5+ 30. Qxd5 Bxd5 31. Kd3 Ke7 32. Kd4 Kd8 33. Bc4 Bxc4 34. Kxc4 a6 35. Kc5 Kc7 36. Kd4 Kd6 37. e4 g6 38. e5+ Kc6 39. Kc4 a5 1/2-1/2

[Event "Hamburger Liga Aufstieg"]
[Site "Hamburg"]
[Date "2007.08.13"]
[Round "1.16"]
[White "Manowski, Werner"]
[Black "Becker Bertau, Friedrich"]
[Result "0-1"]
[WhiteElo "1381"]
[BlackElo "1947"]
[PlyCount "40"]
[EventDate "2007.08.13"]
[EventType "swiss"]
[EventRounds "7"]
[EventCountry "GER"]
[SourceTitle "EXT 2022"]
[Source "ChessBase"]
[SourceDate "2021.10.06"]
[SourceVersion "1"]
[SourceVersionDate "2021.10.06"]
[SourceQuality "1"]

1. e4 e5 2. Nf3 Nc6 3. Bc4 Be7 4. c3 Nf6 5. d3 0-0 6. a3 d5 7. exd5 Nxd5 8. Nbd2 Nf4 9. Rg1 Nxd3+ 10. Kf1 Bf5 11. Ne1 e4 12. Nxe4 Nxc1 13. Qf3 Bxe4 14. Qxe4 Bg5 15. h4 Re8 16. Qc2 Na5 17. Bxf7+ Kxf7 18. hxg5 Nab3 19. Nf3 Re2 20. Rxc1 Rxc2 0-1

[Event "Pinneberg op Seniors 08th"]
[Site "Pinneberg"]
[Date "2007.06.21"]
[Round "1"]
[White "Rakhmanov, Vsevolod"]
[Black "Manowski, Werner"]
[Result "1/2-1/2"]
[WhiteElo "1799"]
[BlackElo "1462"]
[PlyCount "56"]
[EventDate "2007.06.21"]
[EventType "swiss"]
[EventRounds "5"]
[EventCountry "GER"]
[SourceTitle "EXT 2011"]
[Source "ChessBase"]
[SourceDate "2010.11.26"]
[SourceVersion "1"]
[SourceVersionDate "2010.11.26"]
[SourceQuality "1"]

1. e4 e6 2. d4 d5 3. e5 c5 4. c3 Nc6 5. Nf3 Bd7 6. a3 Nge7 7. Bd3 Ng6 8. h4 cxd4 9. cxd4 Qb6 10. Bc2 Be7 11. h5 Nf8 12. Nc3 h6 13. Na4 Qd8 14. b4 b6 15. Be3 Nh7 16. Qd2 Ng5 17. Nxg5 Bxg5 18. f4 Bh4+ 19. Bf2 Bxf2+ 20. Qxf2 Rc8 21. Bb3 Qe7 22. Rh3 f6 23. Rc3 Nxb4 24. Rxc8+ Bxc8 25. Qd2 Nc6 26. Rc1 Bd7 27. Qc2 f5 28. Qb2 Na5 1/2-1/2